000 003110000a22001450004500
003 MACL
040 _aMACL
090 _c7729
_d7728
100 _aDemellow, Melville
245 _aStory Of The Olympics
260 _bNatinoal Book Trust
_c1972
350 _a9.50
650 _aSports & Games
942 _cBOOK
_k796
999 _c7681
_d7681